00709Cam#a22002295a#4500003000900000008004100009040001800050041000800068080001000076092000900086100002900095110005600124245006800180260004500248300002700293653001200320930000900332945001500341999001500356980002300371952008500394AR-RoUNA140529||||||||||||||||| |||| 0|||| d aAR-RoUNAbspa aspa a691.6 lP4931 aPetracca, Antonio9178032 aCámara del vidrio plano y sus manufacturas917804 aManual de colocación del vidrio plano para la construcción  aBuenos Aires :bCamara Del Vidrio,c1982 a87 p. :bdib.bfiguras aVidrios e6798 d2026-03-30 c2919d2919 85gMaría Machado 00102cdu4070aAR-RoUNAbAR-RoUNAd2014-05-29l0o691.6 P493p10281yLIBjP493